000 00414nmm a2200157Ia 4500
008 251105s9999||||xx |||||||||||||||||und||
041 _aspa
100 _aKenny, Janette
245 0 _aEntre el deseo y el deber
264 _a[Madrid, España] :
_bHarlequin,
_c2011
300 _a160 páginas
490 _aBianca
650 _aRomance
856 _uhttps://public.digitaliapublishing.com/a/50012
942 _cCF
999 _c98540
_d98540